[Event "CZE-ch U12 Girls"]
[Site "Zlate Hory"]
[Date "2006.03.11"]
[Round "1"]
[White "Langnerova, Karolina"]
[Black "Komaskova, Jana"]
[Result "1-0"]
[WhiteElo "1820"]
[BlackElo "1250"]
[PlyCount "47"]
[EventDate "2006.03.11"]
[EventType "tourn"]
[EventRounds "9"]
[EventCountry "CZE"]
[SourceTitle "EXT 2008"]
[Source "ChessBase"]
[SourceDate "2007.11.25"]
[SourceVersion "1"]
[SourceVersionDate "2007.11.25"]
[SourceQuality "1"]

1. e4 e5 2. Bc4 Nf6 3. d3 h6 4. Nf3 Bc5 5. Nxe5 0-0 6. 0-0 d6 7. Nf3 Bg4 8. c3 d5 9. exd5 Nxd5 10. Nbd2 Nc6 11. Ne4 Bb6 12. d4 Nf6 13. Ng3 Qd6 14. Re1 Rfe8 15. Be3 a6 16. h3 Bxf3 17. Qxf3 Re7 18. Nf5 Qd7 19. Nxe7+ Qxe7 20. Bxh6 Qd6 21. Bg5 Kf8 22. Bxf6 gxf6 23. Qh5 Qd7 24. Qh8# 1-0

[Event "CZE-ch U10/12 Girls"]
[Site "Czech Republic"]
[Date "2004.03.06"]
[Round "1"]
[White "Komaskova, Jana"]
[Black "Nytrova, Adela"]
[Result "0-1"]
[WhiteElo "1100"]
[BlackElo "1556"]
[PlyCount "70"]
[EventDate "2004.03.06"]
[EventType "swiss"]
[EventRounds "9"]
[EventCountry "CZE"]
[SourceTitle "EXT 2007"]
[Source "ChessBase"]
[SourceDate "2006.11.23"]
[SourceVersion "1"]
[SourceVersionDate "2006.11.23"]
[SourceQuality "1"]

1. e4 e5 2. Nf3 Nc6 3. Bc4 Nf6 4. Nc3 Bc5 5. d3 d6 6. Bg5 Bg4 7. 0-0 Nd4 8. Bxf6 Qxf6 9. Nd5 Qd8 10. c3 Nxf3+ 11. gxf3 Bh3 12. Bb5+ c6 13. Ne3 Bxe3 14. fxe3 Qg5+ 15. Kf2 Qg2+ 16. Ke1 Qxf1+ 17. Kd2 Qf2+ 18. Kc1 Qxe3+ 19. Qd2 Qxd2+ 20. Kxd2 cxb5 21. b3 0-0 22. a4 bxa4 23. bxa4 Bg2 24. Ke3 f5 25. exf5 Rxf5 26. d4 Rxf3+ 27. Ke4 Rf1+ 28. Kd3 Rxa1 29. dxe5 dxe5 30. c4 Rxa4 31. h4 Rc8 32. Ke3 Rcxc4 33. Kf2 Rc3 34. Kxg2 Ra2+ 35. Kf1 Rc1# 0-1